Statistics for Homophones of Letters

Click here to take the quiz!

General Stats

  • This quiz has been taken 156 times
  • The average score is 19 of 30

Answer Stats

Answer% Correct
A
97%
Be
91%
See
86%
Pee
83%
Bee
81%
I
78%
Tee
77%
You
76%
Jay
75%
Why
75%
Sea
74%
Tea
74%
Oh
72%
Gee
71%
Are
69%
El
69%
Em
65%
Eye
62%
En
60%
Queue
60%
Pea
59%
Ex
52%
Ess
51%
Cue
40%
Ewe
40%
Ell
39%
Aye
37%
Owe
25%
Cay
13%
Ti
11%

Score Distribution

Percentile by Number Answered

Percent of People with Each Score

Your Score History

You have not taken this quiz